[Event "Another chance?"]
[Site "http://www.queenalice.com/game.php?id=481118"]
[Date "2008.10.22"]
[Round "-"]
[White "EmperorTanner"]
[Black "JesterMike"]
[Result "0-1"]
[WhiteElo "1572"]
[BlackElo "1801"]

1. e4 e5 2. d3 Nc6 3. Nf3 d5 4. exd5 Qxd5 5. Nc3 Qc5 6. Na4 Qa5+ 7. c3 b5 8. b4
Qxa4 9. Qxa4 bxa4 10. Ng5 Be7 11. Nf3 Nh6 12. d4 exd4 13. Nxd4 Nxd4 14. cxd4
Bxb4+ 15. Bd2 Bxd2+ 16. Kxd2 O-O 17. Rb1 Nf5 18. Rb4 Rd8 19. Rxa4 Nxd4 20. Kd3
Nb5+ 21. Ke3 g6 22. Bxb5 Be6 23. Bc6 Bd7 24. Bxa8 Bxa4 25. Bb7 Rb8 26. Bd5 c5
27. Rc1 Rc8 28. Rc4 Bb5 29. Rc3 a5 30. Rb3 Bd7 31. Rb7 Be6 32. Bxe6 fxe6 33. Ra7
c4 34. Kd2 Rc5 35. Kc3 e5 36. Ra8+ Kg7 37. a3 Kf6 38. Ra7 h5 39. g3 Kf5 40. a4
Kg4 41. Rg7 g5 42. Rh7 h4 43. gxh4 gxh4 44. Rg7+ Kh3 45. Rh7 e4 46. Re7 Kxh2 47.
Rxe4 h3 48. f4 Kg2 49. Re3 h2 50. Re2+ Kg1 51. Re1+ Kf2 52. Rh1 Kg2 53. Kd4 Rc8
54. Rc1 c3 55. f5 h1=Q 56. Rxh1 Kxh1 57. f6 c2 58. Kd3 c1=Q 0-1

[Event "AUTO-INT-1096"]
[Site "http://www.queenalice.com/game.php?id=490007"]
[Date "2008.11.8"]
[Round "1"]
[White "Bigorna"]
[Black "EmperorTanner"]
[Result "1-0"]
[WhiteElo "1783"]
[BlackElo "1565"]

1. e4 e5 2. Nf3 d6 3. c3 Nf6 4. Be2 Nxe4 5. Qa4+ c6 6. Qxe4 f5 7. Qc2 e4 8. Nd4
c5 9. Nb5 Qb6 10. c4 a6 11. N5c3 Qd8 12. O-O g6 13. Nd5 Be6 14. Qc3 Rg8 15. Nf6+
Ke7 16. Nxg8+ Bxg8 17. d3 exd3 18. Bg5+ Kd7 19. Bxd8 Kxd8 20. Qxd3 Nc6 21. Re1
Nb4 22. Qc3 h5 23. Qh8 Rc8 24. Qxg8 Kc7 25. Bf3 Nc2 26. Qf7+ Kb8 27. Qxb7# 1-0

[Event "AUTO-INT-1096"]
[Site "http://www.queenalice.com/game.php?id=490008"]
[Date "2008.11.8"]
[Round "1"]
[White "EmperorTanner"]
[Black "Bigorna"]
[Result "0-1"]
[WhiteElo "1572"]
[BlackElo "1737"]

1. e4 e5 2. d4 c6 3. dxe5 Qa5+ 4. Bd2 Qxe5 5. f3 Qxb2 6. Nc3 Qb6 7. Na4 Qc7 8.
g3 Nf6 9. c3 b5 10. Nc5 Bxc5 11. Nh3 O-O 12. Qc2 d5 13. exd5 Qe5+ 14. Be2 Bxh3
15. f4 Qxd5 16. Qd3 Qxh1+ 17. Bf1 Re8+ 18. Kd1 Bxf1 0-1

[Event "AUTO-INT-1096"]
[Site "http://www.queenalice.com/game.php?id=490021"]
[Date "2008.11.8"]
[Round "1"]
[White "EmperorTanner"]
[Black "Kriz"]
[Result "0-1"]
[WhiteElo "1549"]
[BlackElo "1570"]

1. e4 e6 2. d3 d5 3. e5 Ne7 4. Nf3 Nec6 5. d4 f6 6. exf6 Qxf6 7. c3 e5 8. dxe5
Nxe5 9. Nxe5 Qxe5+ 10. Qe2 Qxe2+ 11. Bxe2 b6 12. Bf3 c6 13. Bg4 Bxg4 14. f3 Bh5
15. Nd2 Na6 16. g4 Bg6 17. c4 Bc5 18. Nb3 Bb4+ 19. Kf1 Bd3+ 20. Kg1 dxc4 21. Nd4
Bc5 22. Be3 O-O 23. Ne6 Bxe3+ 24. Kg2 Rf6 25. Nd8 Rxd8 26. Rhe1 Re8 27. g5 Rfe6
28. h3 Nb4 0-1

[Event "AUTO-INT-1096"]
[Site "http://www.queenalice.com/game.php?id=490022"]
[Date "2008.11.8"]
[Round "1"]
[White "Kriz"]
[Black "EmperorTanner"]
[Result "1-0"]
[WhiteElo "1554"]
[BlackElo "1565"]

1. e4 e5 2. d4 exd4 3. Qxd4 Nc6 4. Qd5 Nb4 5. Qc4 Nf6 6. e5 Nh5 7. Be2 Nf4 8.
Bxf4 b5 9. Qc3 Bb7 10. Bf3 Bxf3 11. gxf3 Qh4 12. Ne2 d6 13. Qxb4 dxe5 14. Qxb5+
Kd8 15. Bxe5 Qh5 16. f4 a6 17. Qd5+ Kc8 18. Qxa8+ Kd7 19. Qxa6 Bb4+ 20. Nbc3 Qh6
21. O-O-O+ Ke7 22. Nd5+ Kd8 23. Nxb4+ Ke8 24. Qc8+ Ke7 25. Qxh8 1-0

[Event "AUTO-INT-1096"]
[Site "http://www.queenalice.com/game.php?id=490023"]
[Date "2008.11.8"]
[Round "1"]
[White "EmperorTanner"]
[Black "carlitomontana93270"]
[Result "1-0"]
[WhiteElo "1548"]
[BlackElo "1567"]

1. e4 e5 2. d3 Nc6 3. Nf3 Nf6 4. d4 Nxe4 5. dxe5 d6 6. exd6 Qxd6 7. Qxd6 Bxd6 8.
Bd3 Nf6 9. Bb5 Bd7 10. Bxc6 Bxc6 11. Nd4 Bxg2 12. Rg1 Bd5 13. Rxg7 O-O-O 14. Bg5
Ne4 15. Bxd8 Kxd8 16. Nc3 Nxc3 17. bxc3 Re8+ 18. Kf1 Bxh2 19. Rxh7 Bc4+ 20. Kg2
Be5 21. Nf3 Rg8+ 22. Kh3 Be6+ 23. Kh4 Bf6+ 24. Kh5 Bxc3 25. Rd1+ Kc8 26. Ng5 Bf6
27. Nxe6 fxe6 28. Rh6 Be7 29. Rxe6 Bc5 30. Kh6 Bxf2 31. Kh7 Rg4 32. Re8# 1-0

[Event "AUTO-INT-1096"]
[Site "http://www.queenalice.com/game.php?id=490024"]
[Date "2008.11.8"]
[Round "1"]
[White "carlitomontana93270"]
[Black "EmperorTanner"]
[Result "1-0"]
[WhiteElo "1533"]
[BlackElo "1565"]

1. e4 e5 2. Nf3 d6 3. Nc3 c6 4. Be2 d5 5. exd5 cxd5 6. d4 exd4 7. Nxd4 Nf6 8.
Bg5 Nbd7 9. O-O h6 10. Be3 Bc5 11. Bb5 Bxd4 12. Bxd4 a6 13. Re1+ Kf8 14. Bd3 h5
15. Qf3 b6 16. Nxd5 Nxd5 17. Qxd5 a5 18. Qxa8 Rh6 19. Qf3 Rd6 20. Be5 Nxe5 21.
Rad1 Nxf3+ 22. gxf3 Bb7 23. Re3 Qg5+ 24. Kf1 Qf4 25. Rde1 Rd8 26. Bb5 Qb4 27.
Re8+ Rxe8 28. Rxe8# 1-0

[Event "Rested and Back For More"]
[Site "http://www.queenalice.com/game.php?id=507268"]
[Date "2008.12.13"]
[Round "-"]
[White "JesterMike"]
[Black "EmperorTanner"]
[Result "1-0"]
[WhiteElo "1846"]
[BlackElo "1514"]

1. d4 d6 2. e3 e5 3. Nc3 Nc6 4. Nf3 Nf6 5. a3 h6 6. b4 Qe7 7. d5 Nd8 8. e4 g5 9.
Bb5+ Bd7 10. Qd3 a6 11. Bc4 b5 12. Bb3 Nc6 13. dxc6 Bxc6 14. O-O Nd7 15. Nd5
Bxd5 16. Bxd5 Rc8 17. Bb7 Rb8 18. Bxa6 Ra8 19. Bxb5 Rd8 20. a4 Bg7 21. Qc3 Rc8
22. a5 O-O 23. a6 g4 24. Ne1 Nf6 25. Bc6 h5 26. a7 Ra8 27. g3 Rfc8 28. Bg5 Qe6
29. Ng2 Nd7 30. Bb7 Qg6 31. Bxc8 Nb6 32. Bb7 Qxg5 33. Bxa8 Nxa8 34. Qc6 Qd8 35.
Ne3 f5 36. Nxf5 d5 37. Qxd5+ Qxd5 38. exd5 Bh8 39. Rfe1 e4 40. Ra6 Bc3 41. Rxe4
Kf7 42. b5 c5 43. dxc6 Kf6 44. Nd6 Kg5 45. Rc4 Bb2 46. c7 Nxc7 47. Rxc7 1-0

[Event "Challenge"]
[Site "http://www.queenalice.com/game.php?id=508623"]
[Date "2008.12.16"]
[Round "-"]
[White "EmperorTanner"]
[Black "soonersam"]
[Result "0-1"]
[WhiteElo "1542"]
[BlackElo "963"]

1. e4 e5 2. d3 d6 3. Nc3 Nc6 4. b3 Be7 5. Nf3 Nh6 6. Nd5 Ng4 7. Nd2 Bh4 8. Nb1
Nxf2 9. Qh5 g6 10. Qf3 Nxh1+ 11. Ke2 Nf2 12. Ne3 b6 13. g3 Nxd3 14. cxd3 Nd4+
0-1

[Event "Lets Do This!"]
[Site "http://www.queenalice.com/game.php?id=517457"]
[Date "2009.1.5"]
[Round "-"]
[White "EmperorTanner"]
[Black "Gadou"]
[Result "1-0"]
[WhiteElo "1525"]
[BlackElo "1327"]

1. e4 e5 2. d3 Bc5 3. Nc3 Qf6 4. Nh3 d6 5. Nd5 Qg6 6. Nxc7+ Kd7 7. Nxa8 Kc6 8.
c4 Bb4+ 9. Bd2 Bc5 10. Qa4+ b5 11. Qxb5# 1-0

[Event "AUTO-INT-1158"]
[Site "http://www.queenalice.com/game.php?id=517819"]
[Date "2009.1.6"]
[Round "1"]
[White "pedepano"]
[Black "EmperorTanner"]
[Result "1-0"]
[WhiteElo "1674"]
[BlackElo "1512"]

1. e4 e5 2. Nf3 d6 3. Bc4 Nh6 4. d4 Bg4 5. h3 Bxf3 6. Qxf3 Nc6 7. Bxh6 Qd7 8.
Be3 exd4 9. Bf4 a6 10. O-O Nb4 11. Qb3 c5 12. Nd2 b5 13. Bd5 Nxd5 14. Qxd5 Rd8
15. Nf3 h6 16. Nh4 g5 17. Bxg5 Be7 18. Bxe7 Qxe7 19. Nf5 Qe5 20. Qxe5+ Kf8 21.
Qe7+ 1-0

[Event "AUTO-INT-1158"]
[Site "http://www.queenalice.com/game.php?id=517820"]
[Date "2009.1.6"]
[Round "1"]
[White "EmperorTanner"]
[Black "pedepano"]
[Result "1-0"]
[WhiteElo "1502"]
[BlackElo "1679"]

1. e4 e5 2. d3 Nc6 3. Nc3 Nf6 4. Bg5 Be7 5. Bxf6 Bxf6 6. Nd5 d6 7. Nf3 Bg4 8. h3
Bh5 9. g4 Bg6 10. g5 Bxg5 11. Nxg5 Qxg5 12. Nxc7+ Kd8 13. Nxa8 Qf4 14. Qd2 Nd4
15. Qxf4 exf4 16. O-O-O Bh5 17. Re1 Re8 18. f3 Bxf3 19. Rg1 g6 20. Rg5 Kc8 21.
Rd5 1-0

[Event "AUTO-INT-1158"]
[Site "http://www.queenalice.com/game.php?id=517833"]
[Date "2009.1.6"]
[Round "1"]
[White "EmperorTanner"]
[Black "lcf64"]
[Result "0-1"]
[WhiteElo "1516"]
[BlackElo "2028"]

1. e4 c5 2. d3 Nc6 3. f3 g6 4. Nd2 Bg7 5. c3 Nf6 6. f4 O-O 7. Nb3 d6 8. e5 dxe5
9. fxe5 Nxe5 10. Nxc5 b6 11. Na4 Bb7 12. Qe2 Nc6 13. g3 e5 14. Bg5 Re8 15. Bxf6
Bxf6 16. d4 exd4 17. O-O-O Rxe2 18. Bxe2 Qd7 19. Nf3 Qf5 20. Rhf1 Bg5+ 21. Nxg5
Qxg5+ 22. Kc2 dxc3 23. Nxc3 Rd8 24. Nb5 Qc5+ 25. Kb1 Rxd1+ 26. Rxd1 Qf2 27. Bc4
Nb4 28. Rd8+ Kg7 29. b3 Qc2+ 0-1

[Event "AUTO-INT-1158"]
[Site "http://www.queenalice.com/game.php?id=517834"]
[Date "2009.1.6"]
[Round "1"]
[White "lcf64"]
[Black "EmperorTanner"]
[Result "1-0"]
[WhiteElo "1992"]
[BlackElo "1512"]

1. e4 e5 2. f4 Nc6 3. Nf3 exf4 4. Bc4 Nh6 5. d4 Qe7 6. O-O f6 7. Bxf4 Qd8 8.
Bxh6 gxh6 9. Nh4 a6 10. Qh5+ Ke7 11. Nf5# 1-0

[Event "AUTO-INT-1158"]
[Site "http://www.queenalice.com/game.php?id=517835"]
[Date "2009.1.6"]
[Round "1"]
[White "EmperorTanner"]
[Black "geraldo"]
[Result "0-1"]
[WhiteElo "1533"]
[BlackElo "1510"]

1. e4 e5 2. d3 d5 3. Nc3 Nf6 4. Qf3 dxe4 5. dxe4 Bb4 6. Bb5+ Bd7 7. Bxd7+ Qxd7
8. a3 Bxc3+ 9. Qxc3 O-O 10. Qxe5 Nc6 11. Qf4 Nd4 12. Kf1 Nxc2 13. Rb1 Qd1# 0-1

[Event "AUTO-INT-1158"]
[Site "http://www.queenalice.com/game.php?id=517836"]
[Date "2009.1.6"]
[Round "1"]
[White "geraldo"]
[Black "EmperorTanner"]
[Result "0-1"]
[WhiteElo "1584"]
[BlackElo "1511"]

1. e4 e5 2. Nf3 d6 3. d4 Nc6 4. Bb5 a6 5. Bxc6+ bxc6 6. Nc3 exd4 7. Nxd4 Bb7 8.
Qg4 Nf6 9. Bg5 c5 10. Bxf6 gxf6 11. Nf5 a5 12. O-O Bc8 13. Nd5 Bxf5 14. Qxf5 c6
15. Qxf6 Qxf6 16. Nxf6+ Ke7 17. Ng4 h5 18. Ne3 Bh6 19. Nf5+ Ke6 20. Rad1 d5 21.
Rfe1 dxe4 22. Rd6+ Kxf5 23. c4 Rab8 24. Rxc6 Rxb2 25. Rxc5+ Kg6 26. h4 Rxa2 27.
Rc6+ Kh7 28. Ra6 Rc2 29. Rf1 Bd2 30. Rd1 Rc1 31. Rxc1 Bxc1 32. Rxa5 e3 33. fxe3
Bxe3+ 34. Kh1 Rc8 35. Rxh5+ Kg6 36. c5 Kxh5 37. Kh2 Rxc5 38. Kh3 f5 39. Kg3 Rc4
40. Kf3 Bg1 41. Kg3 f4+ 42. Kf3 Kxh4 43. g4 Kg5 44. Kg2 Rc1 45. Kh3 f3 46. Kg3
f2 47. Kf3 f1=Q+ 48. Ke4 Re1+ 49. Kd5 Qd3+ 50. Kc6 Rc1+ 51. Kb7 Qb3+ 52. Ka6
Ra1# 0-1

[Event "Have a great day!"]
[Site "http://www.queenalice.com/game.php?id=539374"]
[Date "2009.2.12"]
[Round "-"]
[White "EmperorTanner"]
[Black "JesterMike"]
[Result "0-1"]
[WhiteElo "1530"]
[BlackElo "1849"]

1. e4 e5 2. d3 Nf6 3. Nc3 c6 4. Nf3 d6 5. Bg5 Be7 6. Bxf6 Bxf6 7. b3 Qa5 8. Qd2
Be6 9. Nb1 Qb6 10. g3 O-O 11. Nc3 Nd7 12. Na4 Qc7 13. Bg2 h6 14. h4 b5 15. Nc3
a6 16. O-O Be7 17. a4 b4 18. Na2 a5 19. c4 Nc5 20. Nc1 Rfd8 21. Nh2 d5 22. exd5
cxd5 23. Nf3 dxc4 24. bxc4 Bxc4 25. Ne1 Rab8 26. f4 e4 27. Qc2 Nxd3 28. Nexd3
exd3 29. Nxd3 Rxd3 30. h5 Bc5+ 31. Kh1 Bd4 32. Be4 Rc3 33. Qd2 Rd8 34. Qh2 Bxf1
35. Rxf1 Qe7 36. Qe2 Re3 37. Qb5 Qxe4+ 38. Kh2 Re2+ 39. Kh3 Qg2+ 40. Kg4 Qxf1
41. Qxa5 Rb8 42. Qc7 f5+ 43. Kxf5 Qh3+ 44. Kg6 Qg4# 0-1

[Event "Losers Circle"]
[Site "http://www.queenalice.com/game.php?id=568231"]
[Date "2009.4.7"]
[Round "-"]
[White "JesterMike"]
[Black "EmperorTanner"]
[Result "1-0"]
[WhiteElo "1852"]
[BlackElo "1527"]

1. b3 d6 2. Bb2 e5 3. d4 Qf6 4. e4 Nd7 5. Nf3 Ne7 6. Nc3 exd4 7. Nb5 Kd8 8. Bxd4
Qf4 9. Bd3 c5 10. Be3 Qf6 11. O-O a6 12. Na3 Ne5 13. Nxe5 Qxe5 14. Nc4 Qh5 15.
Qxh5 g6 16. Qg5 h6 17. Qf6 Rg8 18. Nxd6 Bg7 19. Qxf7 Bxa1 20. Rxa1 g5 21. Bxc5
Nc6 22. Qxg8+ 1-0

[Event "Possible Retribution"]
[Site "http://www.queenalice.com/game.php?id=583952"]
[Date "2009.5.6"]
[Round "-"]
[White "JesterMike"]
[Black "EmperorTanner"]
[Result "1-0"]
[WhiteElo "1866"]
[BlackElo "1524"]

1. e4 e5 2. Qf3 f6 3. Nc3 c6 4. b3 Ne7 5. Bc4 b5 6. Be2 d5 7. exd5 Nxd5 8. Bb2
Nxc3 9. Bxc3 a5 10. Bxb5 Qb6 11. Ne2 Qxb5 12. O-O Bb4 13. a4 Qc5 14. Bxb4 axb4
15. c3 Ba6 16. c4 O-O 17. Ng3 Nd7 18. Ne4 Qd4 19. d3 Rac8 20. Rfd1 Rcd8 21. Rab1
Nc5 22. Nxc5 Qxc5 23. h3 Qd4 24. Qxc6 Bc8 25. Qb5 Qc3 26. a5 Bf5 27. Rbc1 Qxb3
28. Rb1 Qa3 29. Qxb4 Qxb4 30. Rxb4 Rxd3 31. Rxd3 Bxd3 32. a6 g5 33. a7 Be4 34.
Rb8 h5 35. f3 Bc6 36. Kf2 h4 37. c5 Kf7 38. Ke3 Ke7 39. Kd3 Re8 40. Kc4 Kd7 41.
Kb4 Kc7 42. Rxe8 Bxe8 43. a8=Q Bc6 44. Qf8 e4 45. Qxf6 e3 46. Qxg5 e2 47. Qe5+
Kb7 48. Qxe2 Bxf3 49. gxf3 1-0

[Event "No Stupid Mistakes!! Hopefully"]
[Site "http://www.queenalice.com/game.php?id=598386"]
[Date "2009.6.4"]
[Round "-"]
[White "EmperorTanner"]
[Black "JesterMike"]
[Result "0-1"]
[WhiteElo "1522"]
[BlackElo "1868"]

1. e4 c5 2. d3 Nc6 3. Nf3 e5 4. Nc3 h6 5. g4 d6 6. h3 Be6 7. Na4 Qa5+ 8. c3 b5
9. b3 bxa4 10. bxa4 Qxc3+ 11. Bd2 Qa3 12. Ng1 Bd7 13. Ne2 Nd4 14. Nxd4 cxd4 15.
f3 Bxa4 16. Qc1 Qxc1+ 17. Bxc1 Be7 18. h4 Nf6 19. h5 O-O 20. Ba3 Rfe8 21. Rg1
Nd7 22. g5 Bxg5 23. Bxd6 Re6 24. Ba3 Bb5 25. Bh3 Rf6 26. Bxd7 Bxd7 27. Be7 Rxf3
28. Bxg5 hxg5 29. Ke2 g4 30. Rac1 a5 31. Rc7 Be6 32. a4 Kh7 33. Rc5 f6 34. Rc6
Bf7 35. Rxg4 Re3+ 36. Kd2 Bxh5 37. Rh4 Kg6 38. Rc1 Rb8 39. Rg1+ Kh6 40. Kc1 Rxd3
41. Kc2 Rc3+ 0-1